[Event "II Torneio Aberto Internacional de Xadrez de Ferreira do Alentejo"]
[Site "Ferreira do Alentejo - Portugal"]
[Date "2019.12.18"]
[Round "3.11"]
[White "Avelino, Camila Biscaya"]
[Black "Sousa, Diogo Miguel Braz"]
[Result "1-0"]
[BlackElo "1375"]
[WhiteElo "1774"]
[WhiteTeam "ADRC Mata de Benfica"]
[BlackTeam "CXFA"]
[LiveChessVersion "1.4.8"]

1. e4 {[%clk 1:30:55]} e5 {[%clk 1:30:52]} 2. Nf3 {[%clk 1:30:53]} Nc6
{[%clk 1:30:56]} 3. Bb5 {[%clk 1:29:25]} d6 {[%clk 1:29:58]} 4. O-O
{[%clk 1:29:34]} Nf6 {[%clk 1:29:16]} 5. Re1 {[%clk 1:24:48]} Bg4
{[%clk 1:27:00]} 6. h3 {[%clk 1:07:39]} Bh5 {[%clk 1:17:28]} 7. d4
{[%clk 1:07:32]} Bxf3 {[%clk 1:14:33]} 8. Qxf3 {[%clk 1:05:47]} Nd7 9. d5
{[%clk 1:05:43]} Nd4 {[%clk 1:12:48]} 10. Qd3 {[%clk 1:05:55]} Nxb5
{[%clk 1:11:34]} 11. Qxb5 {[%clk 1:03:00]} Rb8 {[%clk 1:06:50]} 12. Be3
{[%clk 1:01:19]} a6 {[%clk 1:01:50]} 13. Qb4 {[%clk 0:58:09]} Qc8
{[%clk 0:56:17]} 14. Na3 {[%clk 0:55:47]} b6 {[%clk 0:53:34]} 15. Nc4
{[%clk 0:50:32]} Qb7 {[%clk 0:50:09]} 16. Qd2 {[%clk 0:44:55]} Be7
{[%clk 0:45:19]} 17. Qe2 {[%clk 0:43:30]} Nf6 {[%clk 0:38:55]} 18. Qf3
{[%clk 0:41:47]} Qc8 {[%clk 0:35:34]} 19. Bg5 {[%clk 0:34:45]} Ng8
{[%clk 0:31:18]} 20. Qg3 {[%clk 0:26:19]} Nf6 {[%clk 0:22:22]} 21. f4
{[%clk 0:18:48]} Nh5 {[%clk 0:20:31]} 22. Qh4 {[%clk 0:12:35]} Bxg5
{[%clk 0:19:48]} 23. Qxg5 Nxf4 {[%clk 0:19:48]} 24. Qxg7 {[%clk 0:12:26]} Ng6
{[%clk 0:17:06]} 25. Rf1 {[%clk 0:10:58]} Qd7 {[%clk 0:15:03]} 26. Rf6
{[%clk 0:10:51]} h5 {[%clk 0:14:39]} 27. Raf1 Rf8 {[%clk 0:14:10]} 28. Rxg6
{[%clk 0:10:39]} Qe7 29. Rgf6 {[%clk 0:10:39]} Rd8 {[%clk 0:14:03]} 30. Ne3 Rd7
{[%clk 0:13:04]} 31. Nf5 {[%clk 0:09:33]} Qd8 32. Re6+ Re7 {[%clk 0:12:29]} 33.
Rxe7+ {[%clk 0:09:23]} Qxe7 {[%clk 0:12:53]} 34. Nxe7 {[%clk 0:09:48]} Kxe7
{[%clk 0:13:18]} 35. Qh7 Ke8 36. Qxh5 {[%clk 0:09:54]} Ke7 {[%clk 0:14:04]} 37.
Qh7 {[%clk 0:10:14]} Ke8 {[%clk 0:14:30]} 38. Qg7 {[%clk 0:10:39]} Ke7
{[%clk 0:14:53]} 39. h4 {[%clk 0:11:30]} Ke8 {[%clk 0:14:47]} 40. h5
{[%clk 0:11:58]} Ke7 {[%clk 0:15:07]} 41. h6 {[%clk 0:12:21]} Ke8
{[%clk 0:14:51]} 42. h7 Ke7 {[%clk 0:15:11]} 43. h8=Q {[%clk 0:12:35]} Rxh8
{[%clk 0:15:38]} 44. Rxf7+ {[%clk 0:12:36]} 1-0